Xây dựng bộ tư liệu hỗ trợ dạy học phần sinh học tế bào – sinh học 10 nâng cao THPT

Hệ thống hóa được cơ sở lí luận về vị trí, vai trò của PTDH, đặc biệt là của bộ tư liệu gồm hình ảnh, phim hỗ trợ dạy học phần Sinh học tế bào, sinh học 10 nâng cao – THPT. Nghiên cứu tình hình sử dụng bộ tư liệu sinh học trong dạy - học trên thế giới và Việt Nam. Phân tích cấu trúc, nội dung chương...

Volledige beschrijving

Bewaard in:
Bibliografische gegevens
Hoofdauteur: Bùi Thị Hạnh
Andere auteurs: Nguyễn Thị Hải Yến (Hướng dẫn)
Formaat: Boek
Taal:Vietnamese
Gepubliceerd in: Đà Nẵng Đại học Sư phạm, Đại học Đà Nẵng 2013
Onderwerpen:
Tags: Voeg label toe
Geen labels, Wees de eerste die dit record labelt!
Thư viện lưu trữ: Mạng thư viện Đại học Đà Nẵng
LEADER 02201nam a2200409 4500
001 000018469
003 14901
005 20131115101118.0
008 131112s2013 viesd
041 |a vie 
082 1 4 |a 571.6  |b BU-H 
100 1 |a Bùi Thị Hạnh 
245 1 |a Xây dựng bộ tư liệu hỗ trợ dạy học phần sinh học tế bào – sinh học 10 nâng cao THPT  |c Bùi Thị Hạnh ; Nguyễn Thị Hải Yến hướng dẫn  |k Khóa luận tốt nghiệp 
260 |a Đà Nẵng  |b Đại học Sư phạm, Đại học Đà Nẵng  |c 2013 
300 |a 46 tr.  |b mh.  |c 29 cm.  |e Bản tóm tắt 
500 |a Khóa luận tốt nghiệp đại học. Chuyên ngành: Sư phạm Sinh 
504 |a Mục lục đầu trang, tài liệu tham khảo tr. 73 - 74, phụ lục [13 tr.] 
520 |a Hệ thống hóa được cơ sở lí luận về vị trí, vai trò của PTDH, đặc biệt là của bộ tư liệu gồm hình ảnh, phim hỗ trợ dạy học phần Sinh học tế bào, sinh học 10 nâng cao – THPT. Nghiên cứu tình hình sử dụng bộ tư liệu sinh học trong dạy - học trên thế giới và Việt Nam. Phân tích cấu trúc, nội dung chương trình, nội dung kiến thức phần Sinh học tế bào, sinh học 10 nâng cao - THPT. 
600 1 4 |b Vua  |c Đinh Tiên Hoàng 
650 0 4 |a Sinh học tế bào  |v Khóa luận tốt nghiệp  |x Tư liệu dạy học 
653 |a Sinh học 10 
653 |a Sinh học tế bào 
653 |a Khoa Sinh môi trường 
653 |a Tư liệu dạy học 
653 |a Giáo dục phổ thông 
653 |a Từ điển sinh học 
700 1 |a Nguyễn Thị Hải Yến  |e Hướng dẫn 
OWN |a LSP 
AVA |a UDN50  |b LSP  |d 571.6 BU-H  |e available  |t Error 5001 Not defined in file expand_doc_bib_avail.  |f 1  |g 0  |h N  |i 0  |k 1 
999 |a From the UDN01 
AVA |a UDN50  |b LSP  |d 571.6 BU-H  |e available  |t Error 5001 Not defined in file expand_doc_bib_avail.  |f 1  |g 0  |h N  |i 0  |k 1 
TYP |a Monograph 
TYP |a Printed language 
980 |a Mạng thư viện Đại học Đà Nẵng